| 000 | 01031cam a2200277 a 4500 | ||
|---|---|---|---|
| 001 | 2811 | ||
| 005 | 20240116093422.0 | ||
| 020 | _a9780531138670 (lib. bdg.) | ||
| 020 | _a0531138674 (lib. bdg.) | ||
| 040 |
_aDLC _cDLC _dDLC _beng |
||
| 050 | 0 | 0 |
_aHM1091 _b.W43 2008 |
| 082 | 0 | 0 |
_a303.3/85 _222 |
| 100 | 1 |
_aWebber, Diane _d1968- |
|
| 245 | 1 | 0 |
_aTotally tolerant : _bspotting and stopping prejudice / _cDiane Webber and Laurie Mandel. |
| 260 |
_aNew York : _bFranklin Watts, _c2008 |
||
| 300 |
_a112 pages : _billustrations ; _c20 cm |
||
| 505 | _aR | ||
| 520 | _aEthnic slurs. Name calling. Group exclusion. Prejudice isn't overt, but it is everywhere. Learn to spot and stop prejudice when you see it. Find out how to turn differences into exciting opportunities that could change your life. | ||
| 521 |
_a910 _bLexile |
||
| 521 |
_aR _bRaz-Plus |
||
| 650 | 0 | _aPrejudices. | |
| 650 | 0 | _aToleration. | |
| 700 | 1 |
_aMandel, Laurie _d1963- _eCoauthor |
|
| 906 |
_a7 _bcbc _corignew _d1 _eecip _f20 _gy-gencatlg |
||
| 942 |
_2ddc _cBK _n0 |
||
| 999 |
_c2811 _d2811 |
||